000
00221nam a2200085Ia 4500
245
0
_a
Presumed guilty
100
_a
GERRITSEN, Tess Richmond, 2009
_9
82137
942
_c
BK
008
210817s9999 xx 000 0 und d
999
_c
295878
_d
295878